| 000 | 01282cam a2200253 4500 | ||
|---|---|---|---|
| 001 | ABS64898 | ||
| 008 | 020103n2001 000 0 eng u | ||
| 035 | _a(Sirsi) u116105 | ||
| 100 | _aReeves, C. | ||
| 245 | _aPlain speaking | ||
| 260 | _c2001 | ||
| 490 |
_aEstates Gazette _v(0149) 8 December 2001, 113-114(2) |
||
| 520 | _aDiscusses PPG25, Development and flood risk. This is a result of the serious flooding in autumn 2000 and the need for action to prevent such occurrences in the future. Argues the PPG25 is useful in order to reduce flood plain development but problems could arise over the consultation process. For example, PPG25 evades the principle of a flood plain's functional nature being an integral part any river system. The use of indicative maps such as the Environment Ageny's maps is problematic as a thorough site analysis is often needed to determine the true risk of flooding. Also more resources are needed for the planning process. | ||
| 590 | _aABS | ||
| 650 | _aPPG25 | ||
| 650 | _aFLOOD RISK | ||
| 650 | _aFLOOD PLAINS | ||
| 650 | _aCLIMATE CHANGE | ||
| 650 | _aRIVER MANAGEMENT | ||
| 650 | _aENVIRONMENT AGENCY | ||
| 650 | _aPLANNING PROCEDURE | ||
| 690 | _aENVIRONMENTAL AND LAND CONSULTANCY-ENVIRONMENTAL MANAGEMENT | ||
| 942 | _n0 | ||
| 999 |
_c69161 _d69161 |
||